<?xml version="1.0" encoding="UTF-8"?>
<marc:record xmlns:marc="http://www.loc.gov/MARC21/slim">
   <marc:leader>00000nam a2200000 a 4500</marc:leader>
   <marc:datafield ind1="1" ind2=" " tag="100">
      <marc:subfield code="a">Toll, Claudia</marc:subfield>
      <marc:subfield code="4">aut</marc:subfield>
      <marc:subfield code="e">Verfasser/-in</marc:subfield>
   </marc:datafield>
   <marc:datafield ind1="1" ind2=" " tag="100">
      <marc:subfield code="a">Wagner, Urs</marc:subfield>
      <marc:subfield code="4">aut</marc:subfield>
      <marc:subfield code="e">Verfasser/-in</marc:subfield>
   </marc:datafield>
   <marc:datafield ind1=" " ind2=" " tag="653">
      <marc:subfield code="a">Wohnmobil</marc:subfield>
   </marc:datafield>
   <marc:datafield ind1=" " ind2=" " tag="653">
      <marc:subfield code="a">Auto</marc:subfield>
   </marc:datafield>
   <marc:datafield ind1=" " ind2=" " tag="653">
      <marc:subfield code="a">Mechaniker</marc:subfield>
   </marc:datafield>
   <marc:datafield ind1=" " ind2=" " tag="653">
      <marc:subfield code="a">Technik</marc:subfield>
   </marc:datafield>
   <marc:datafield ind1=" " ind2=" " tag="653">
      <marc:subfield code="a">Waschanlage</marc:subfield>
   </marc:datafield>
   <marc:datafield ind1=" " ind2=" " tag="653">
      <marc:subfield code="a">Autowerkstatt</marc:subfield>
   </marc:datafield>
   <marc:datafield ind1=" " ind2=" " tag="653">
      <marc:subfield code="a">Bilderbuch</marc:subfield>
   </marc:datafield>
   <marc:datafield ind1=" " ind2=" " tag="653">
      <marc:subfield code="a">Tankstelle</marc:subfield>
   </marc:datafield>
   <marc:datafield ind1=" " ind2=" " tag="653">
      <marc:subfield code="a">Werkstatt</marc:subfield>
   </marc:datafield>
   <marc:datafield ind1="0" ind2="0" tag="245">
      <marc:subfield code="a">In der Autowerkstatt</marc:subfield>
   </marc:datafield>
   <marc:datafield ind1="0" ind2="0" tag="245">
      <marc:subfield code="c">Claudia Toll. Ill. von Urs Wagner</marc:subfield>
   </marc:datafield>
   <marc:datafield ind1=" " ind2="1" tag="264">
      <marc:subfield code="a">Würzburg</marc:subfield>
      <marc:subfield code="b">Ed. Bücherbär im Arena-Verl.</marc:subfield>
      <marc:subfield code="c">2003</marc:subfield>
   </marc:datafield>
   <marc:datafield ind1="1" ind2=" " tag="520">
      <marc:subfield code="a">Familie Kamp startet mit dem Wohnmobil in die Ferien und muss zuvor noch an die Tankstelle, um das Kühlwasser aufzufüllen und zu tanken. Verschiedene Kinder mit ihren Familien werden in diesem Sachbilderbuch begleitet und erleben an der Tankstelle, in der Autowerkstatt und in der Waschanlage, was dort passiert, welche Fahrzeuge ein- und ausfahren, was MechanikerInnen zu tun haben und vieles mehr.   Anschaulich und durch spielerische Effekte werden diese Informationen vermittelt und aufbereitet. Realitätsnah sowie mit Witz und Detailliebe illustriert  tummeln sich auf großen Panoramaseiten Autotransporter, Unfallautos, Tanklaster und Oldtimer gleichermaßen wie Kunden, Tankwarte und - Frau sieht und staunt - Mechanikerinnen und Mechaniker.   An dieser Stelle sei erwähnt, dass Mütter in diesem Buch tanken, Sportwagenfahrerinnen die Scheiben ihres gelben Flitzers putzen, Frauen Verkaufsgespräche führen, Gabelstapler fahren und ihre Motocrossmaschine selber waschen.  Jedenfalls fühlt man sich als Frau und vielleicht auch als Mädchen zwischen von Technik geprägten Buchseiten nicht  verloren und einsam und beginnt etwas von deren Faszination zu ahnen.  Ab 4 Jahren.  *UK* Martha Kniewasser-Alber</marc:subfield>
   </marc:datafield>
   <marc:datafield ind1=" " ind2=" " tag="020">
      <marc:subfield code="a">9783401084138</marc:subfield>
      <marc:subfield code="9">9783401084138</marc:subfield>
   </marc:datafield>
   <marc:datafield ind1=" " ind2=" " tag="041">
      <marc:subfield code="a">ger</marc:subfield>
   </marc:datafield>
   <marc:datafield ind1=" " ind2=" " tag="300">
      <marc:subfield code="a">20 S. : überw. Ill.</marc:subfield>
   </marc:datafield>
</marc:record>
